| 000 | 00460nam a2200169Ia 4500 | ||
|---|---|---|---|
| 003 | GCL | ||
| 008 | 140319s9999 xx 000 0 eng d | ||
| 040 |
_aGCL / _cGCL |
||
| 082 | 0 | 4 |
_a617.0076 _bS P |
| 100 | 1 | _aMORTON, JOHN | |
| 245 | 1 | 0 |
_aPRIMCIPLES OF SURGERY: PRETEST, SELF- ASSESSMENT AND R RVIEW / _cMORTON, JOHN |
| 700 | 1 | _aSCHWARTZ, SEYMOUR | |
| 260 |
_a[S.N] : _bMC GRAW - HILL ، _c1994 |
||
| 300 | _a228 P | ||
| 650 | 0 | 4 | _aSURGERY |
| 942 |
_2ddc _cBK |
||
| 999 |
_c21355 _d21355 |
||